Normal view
MARC view
Entry Personal Name
001 - CONTROL NUMBER
- control field: 34581
003 - CONTROL NUMBER IDENTIFIER
- control field: ARRUPE
005 - DATE AND TIME OF LATEST TRANSACTION
- control field: 20170803124424.0
008 - FIXED-LENGTH DATA ELEMENTS
- fixed length control field: 170803|| aca||aabn | a|a d
040 ## - CATALOGING SOURCE
- Original cataloging agency: ARRUPE
- Transcribing agency: ARRUPE
100 ## - HEADING--PERSONAL NAME
- Personal name: Daniel, Stephen H.
- Fuller form of name: (Stephen Hartley),
- Dates associated with a name: 1950-
670 ## - SOURCE DATA FOUND
- Source citation: Work cat.: (ARRUPE)4558: Daniel, Stephen H. (Stephen Hartley), 1950-, The philosophy of Jonathan Edwards :, c1994.